Statistics for 1990s Celebrities

Click here to take the quiz!

General Stats

  • This quiz has been taken 16,526 times
  • The average score is 10 of 20

Answer Stats

Description Celebrity % Correct
Seattle grunge rocker who committed suicide in 1994Kurt Cobain
94%
"Home Alone" starMacaulay Culkin
87%
Buxom "Baywatch" beauty who married Mötley Crüe's drummerPamela Anderson
83%
Supermodel with a famous moleCindy Crawford
62%
Uncle Jesse of "Full House"John Stamos
53%
Before being rediscovered by Harold & Kumar, he was Doogie Howser, boy geniusNeil Patrick Harris
51%
This sitcom star married Tom Arnold and sang the national anthem poorlyRoseanne Barr
50%
She was Ginger Spice, before leaving the group in 1998Geri Halliwell
46%
Very curvy Playboy and Guess jeans model who married an old billionaireAnna Nicole Smith
46%
This legit rapper wore baggy pants from London to the BayMC Hammer
44%
He played George Costanza on "Seinfeld"Jason Alexander
44%
This romance novel cover model couldn't believe it wasn't butterFabio
43%
This teen idol was the voice of young Simba and the middle child on
"Home Improvement"
Jonathan Taylor
Thomas
39%
Actor who starred in "Encino Man" and "Bio-Dome" and was never heard from againPauly Shore
37%
Real and spectacular actress who was Lois Lane in the aboveTeri Hatcher
37%
Steroidal super-slugger who out-dueled Sammy Sosa for the home run recordMark McGwire
34%
He was Superman on television's "Lois & Clark"Dean Cain
33%
Three words: Xena Warrior PrincessLucy Lawless
30%
Old-faced actor who played teenager Dylan McKay on "Beverly Hills, 90210"Luke Perry
27%
Wannabe celebrity who was O.J. Simpson's house guest on the night of the murdersKato Kaelin
23%

Score Distribution

Percentile by Number Answered

Percent of People with Each Score

Your Score History

You have not taken this quiz